Städte und Gemeinden in der Region Hannover - Statistiken

Allgemein
  • Dieses Quiz wurde 402 mal gespielt
  • Das Durchschnittsergebnis liegt bei 14 aus 21
Antwortstatistiken
Einwohner Stadt/Gemeinde % Korrekt
509.485 Hannover
96%
51.045 Langenhagen
86%
59.516 Garbsen
80%
39.090 Laatzen
78%
42.668 Lehrte
71%
40.670 Wunstorf
71%
43.516 Neustadt am Rübenberge
69%
31.940 Seelze
69%
28.863 Burgdorf
67%
22.742 Isernhagen
67%
33.062 Barsinghausen
65%
28.473 Springe
65%
20.301 Burgwedel
61%
13.750 Pattensen
59%
23.021 Sehnde
59%
23.241 Ronnenberg
56%
28.356 Wedemark
56%
14.211 Gehrden
53%
18.434 Hemmingen
51%
19.880 Uetze
51%
13.955 Wennigsen (Deister)
49%
Keine übereinstimmenden Quizze gefunden
Verteilung der Resultate
Anzahl Personen mit jedem Resultat
Perzentil nach korrekt beantworteten Fragen
Ihre Resultats-Entwicklung
Sie haben dieses Quiz noch nicht gespielt